Statistics for The Infinity Stones Quiz

Click here to take the quiz!

General Stats

  • This quiz has been taken 682 times
    (642 since last reset)
  • The average score is 14 of 21

Answer Stats

HintAnswer% Correct
Time Stone
97%
Blue
95%
Red
95%
Yellow
94%
Soul Stone
94%
Green
94%
Infinity StonesMind Stone
93%
Purple
93%
Reality Stone
92%
Power Stone
92%
Orange
90%
Space Stone
87%
Sceptor/Vision
68%
Tesseract
66%
Orb
51%
Aether
47%
Eye of Agamotto
38%
Creators of the Infinity Stones (Cosmic Entities)Death
21%
Eternity
12%
Infinity
12%
Entropy
8%

Score Distribution

Percentile by Number Answered

Percent of People with Each Score

Your Score History

You have not taken this quiz since the last reset